000 00265 a2200121 4500
001 64419
082 _a005.133 LIP
090 _c38048
_d38048
100 _aLippman S B
245 _aC ++ Primer
260 _aCalifornia
_bAddison Wesley
_c1989
300 _a464p
942 _aNUST-CAE
_k005.133 LIP
999 _c299492
_d299492